| 000 | 02786nam a22003617a 4500 | ||
|---|---|---|---|
| 005 | 20120117104818.0 | ||
| 010 | _aB-469422-433 | ||
| 020 |
_a8173013144 _c160.00 |
||
| 020 |
_a9781730131448 _c160.00 |
||
| 035 | _aB-469422-433 | ||
| 037 |
_aDPL _bBlue Berry/Ven |
||
| 082 | _a537 | ||
| 100 |
_aChawla, Anuj _953777 |
||
| 245 |
_aElectricity / _cby Anuj Chawla |
||
| 260 |
_aNew Delhi _bDreamland _c2011 |
||
| 270 |
_aJ-128, Kirti Nagar _bNew Delhi _e110015 _k011-25106050 _l011-25438283 _mdreamland@vsnl.com |
||
| 300 |
_a64p. _bCOL.ill _c28 cm |
||
| 490 |
_aKnow About Science _953778 |
||
| 942 |
_2ddc _cCH _mCHA _h537 |
||
| 999 |
_c61036 _d61036 |
||